Statistics for Hiragana Words Quiz 1

Click here to take the quiz!

General Stats

  • This quiz has been taken 106 times
  • The average score is 11 of 15

Answer Stats

HintAnswer% Correct
こんにちはkonnichiwa
88%
おかあさんokaasan
88%
すみませんsumimasen
88%
ありがとうarigatou
86%
かんじkanji
85%
くださいkudasai
85%
はじめましてhajimemashite
78%
おやすみoyasumi
78%
ただいまtadaima
76%
じかんjikan
64%
かぞくkazoku
64%
おめでとうomedetou
63%
さくらsakura
63%
みずmizu
59%
ひだりhidari
58%

Score Distribution

Percentile by Number Answered

Percent of People with Each Score

Your Score History

You have not taken this quiz